Africa countries - Statistics

General Stats
  • This quiz has been taken 9 times
  • The average score is 46 of 54
Answer Stats
Population (2024) Countries % Correct
37 885 849 Angola
100%
14 462 724 Benin
100%
23 548 781 Burkina Faso
100%
20 299 123 Chad
100%
56 432 944 Kenya
100%
38 081 173 Morocco
100%
27 032 412 Niger
100%
232 679 478 Nigeria
100%
14 256 567 Rwanda
100%
18 501 984 Senegal
100%
50 448 963 Sudan
100%
12 277 109 Tunisia
100%
21 314 956 Zambia
100%
16 634 373 Zimbabwe
100%
2 521 139 Botswana
88%
14 047 786 Burundi
88%
29 123 744 Cameroon
88%
6 332 961 Congo
88%
31 934 230 Côte d’Ivoire
88%
1 168 722 Djibouti
88%
109 276 265 DR Congo
88%
116 538 258 Egypt
88%
3 535 603 Eritrea
88%
2 538 952 Gabon
88%
2 759 988 Gambia
88%
34 427 414 Ghana
88%
31 964 956 Madagascar
88%
21 655 286 Malawi
88%
24 478 595 Mali
88%
5 169 395 Mauritania
88%
1 271 169 Mauritius
88%
3 030 131 Namibia
88%
19 009 151 Somalia
88%
64 007 187 South Africa
88%
11 943 408 South Sudan
88%
9 515 236 Togo
88%
50 015 092 Uganda
88%
46 814 308 Algeria
75%
5 330 690 Central African Republic
75%
866 628 Comoros
75%
1 892 516 Equatorial Guinea
75%
132 059 767 Ethiopia
75%
5 612 817 Liberia
75%
7 381 023 Libya
75%
235 536 Sao Tome & Principe
75%
130 418 Seychelles
75%
8 642 022 Sierra Leone
75%
68 560 157 Tanzania
75%
524 877 Cabo Verde
63%
1 242 822 Eswatini
63%
14 754 785 Guinea
63%
2 201 352 Guinea-Bissau
63%
2 337 423 Lesotho
63%
34 631 766 Mozambique
63%
No matching quizzes found
Score Distribution
Percent of People with Each Score
Percentile by Number Answered
Your Score History
You have not taken this quiz